TENWEK HOSP HOME | SOC  | ASK A LIBRARIANSTAFF LOGIN  |  DIGITAL REPOSITORYe-BOOK PORTAL  |  OFF-CAMPUS PORTAL  |  DONATE

Manual of critical care : (Record no. 3696)

MARC details
000 -LEADER
fixed length control field 01120pam a2200325 a 4500
001 - CONTROL NUMBER
control field 3431273
003 - CONTROL NUMBER IDENTIFIER
control field Ke-BoTe
005 - DATE AND TIME OF LATEST TRANSACTION
control field 20220608093431.0
008 - FIXED-LENGTH DATA ELEMENTS--GENERAL INFORMATION
fixed length control field 910111s1991 mou b 001 0 eng c
010 ## - LIBRARY OF CONGRESS CONTROL NUMBER
LC control number 91006366
020 ## - INTERNATIONAL STANDARD BOOK NUMBER
International Standard Book Number 0801650844
040 ## - CATALOGING SOURCE
Original cataloging agency DNLM/DLC
Transcribing agency DLC
Modifying agency DLC
050 10 - LIBRARY OF CONGRESS CALL NUMBER
Classification number RT120.I5
Item number M364 1991
060 ## - NATIONAL LIBRARY OF MEDICINE CALL NUMBER
Classification number WY 154 M294
082 00 - DEWEY DECIMAL CLASSIFICATION NUMBER
Classification number 616/.028
Edition number 20
245 00 - TITLE STATEMENT
Title Manual of critical care :
Remainder of title applying nursing diagnoses to adult critical illness /
Statement of responsibility, etc. edited by Pamela L. Swearingen, special project editor, [and] Janet Hicks Keen.
250 ## - EDITION STATEMENT
Edition statement 2nd ed.
260 ## - PUBLICATION, DISTRIBUTION, ETC.
Place of publication, distribution, etc. St. Louis :
Name of publisher, distributor, etc. Mosby Year Book ;
Date of publication, distribution, etc. c1991.
300 ## - PHYSICAL DESCRIPTION
Extent xiv, 642 p . ;
Dimensions 22 cm .
504 ## - BIBLIOGRAPHY, ETC. NOTE
Bibliography, etc. note Includes bibliographical references and index.
650 #0 - SUBJECT ADDED ENTRY--TOPICAL TERM
Topical term or geographic name entry element Intensive care nursing.
9 (RLIN) 3748
650 #0 - SUBJECT ADDED ENTRY--TOPICAL TERM
Topical term or geographic name entry element Nursing diagnosis.
9 (RLIN) 4068
650 #2 - SUBJECT ADDED ENTRY--TOPICAL TERM
Topical term or geographic name entry element Critical Care
General subdivision nurses' instruction.
9 (RLIN) 3886
650 #2 - SUBJECT ADDED ENTRY--TOPICAL TERM
Topical term or geographic name entry element Nursing Diagnosis.
9 (RLIN) 4068
700 1# - ADDED ENTRY--PERSONAL NAME
Personal name Swearingen, Pamela L.
9 (RLIN) 4730
700 1# - ADDED ENTRY--PERSONAL NAME
Personal name Keen, Janet Hicks.
9 (RLIN) 7874
906 ## - LOCAL DATA ELEMENT F, LDF (RLIN)
a 7
b cbc
c orignew
d 1
e ocip
f 19
g y-gencatlg
942 ## - ADDED ENTRY ELEMENTS (KOHA)
Source of classification or shelving scheme Library of Congress Classification
Koha item type Books
Suppress in OPAC No
Holdings
Withdrawn status Lost status Source of classification or shelving scheme Damaged status Not for loan Collection code Home library Current library Shelving location Date acquired Total Checkouts Full call number Barcode Date last seen Price effective from Koha item type
    Library of Congress Classification     Non-fiction SCHOOL OF HEALTH SCIENCES SCHOOL OF HEALTH SCIENCES General Stacks 08.06.2022   RT120.I5.M364 1991 00003814 08.06.2022 08.06.2022 Books